Countries & Capitals Named for Saints - Statistics

General Stats
  • This quiz has been taken 58 times
  • The average score is 13 of 15
Answer Stats
Saint Answer Other % Correct
Saint Dominic Dominican Republic Santo Domingo
92%
Saint Lucy of Syracuse Saint Lucia Castries
92%
Saint Christopher Saint Kitts and Nevis Basseterre
90%
Saint James Santiago Chile
90%
Saint Joseph San José Costa Rica
88%
"Holy Savior" (Jesus Christ) El Salvador
86%
Saint Vincent Saint Vincent and the Grenadines Kingstown
86%
"Holy Savior" (Jesus Christ) San Salvador
86%
Saint Dominic Santo Domingo
84%
Saint Marinus San Marino San Marino
80%
Saint Marinus San Marino
80%
Saint George Saint George's Grenada
76%
Saint John Saint John's Antigua and Barbuda
76%
Saint Thomas São Tomé
74%
Saint Thomas São Tomé and Príncipe
74%
No matching quizzes found
Score Distribution
Percent of People with Each Score
Percentile by Number Answered
Your Score History
You have not taken this quiz